000 00757nam a2200241Ia 4500
003 OSt
005 20220925223946.0
006 a|||||r|||| 00| 0
007 ta
008 220923b |||||||| |||| 00| 0 eng d
020 _a9781409465591
_c6148.50
037 _b12950, 02/03/2017, Elite Publisher Distributors
_cGeneral Book
040 _aRTL
_cRTL
_beng
041 _2eng
_aeng
082 _aX:75-8, Q7
100 _aBOOTH David
245 0 _aStrategy journeys
_b A guide to effective strategic planning
260 _aLondon
_bRoutledge
_c2017
300 _aix,124p
_ccm.
650 _aEconomics
942 _hX:75-8, Q7
_cGB
_2CC
999 _c580690
_d580690